000 00263nam a2200097Ia 4500
001 998133
005 20250826221537.0
008 250824s9999 xx 000 0 und d
245 0 _aDAHİLER SINIFI/NİKOLA TESLA/N5
_cDANİELE ARİSTARCO
260 _bDOMİNGO YAYINLARI
999 _c998133
_d998133